Communes de Moselle par population - Statistiques

Statistiques générales
  • Ce quiz a été pris 141 fois
  • Le résultat moyen est 10 sur 20
Statistiques - réponses
Population Villes % Correct
120 211 Metz
99%
41 383 Thionville
93%
21 509 Forbach
79%
20 555 Sarreguemines
79%
12 278 Sarrebourg
62%
21 788 Montigny-lès-Metz
60%
15 171 Saint-Avold
59%
17 304 Yutz
59%
14 526 Woippy
53%
10 668 Amnéville
52%
15 994 Hayange
46%
11 776 Maizières-lès-Metz
44%
14 829 Fameck
41%
9 332 Hagondange
39%
12 772 Creutzwald
38%
12 840 Freyming-Merlebach
38%
11 939 Florange
35%
9 961 Marly
28%
9 864 Rombas
24%
11 043 Stiring-Wendel
20%
Aucun quiz correspondant
Distribution des résultats
% des personnes avec chaque résultat
Percentile par nombre de réponses
Votre historique - résultats
Vous n’avez pas pris ce quiz